000 01115nam a22003617a 4500
003 CHAP
005 20220329134520.0
008 971013s1965 r 00010 d
010 _a21469
011 _a22441
035 _a26536
040 _cCHAP
082 _a615.321
_bC5
100 0 0 _aClaus, Edward P.
_923686
245 _aPharmacognosy
250 _a5 ed.
260 _aPhiladephia :
_bLea and Febiger,
_c1965
300 _a572 p.
_b: ilus. ; láms.
590 _aBATCH-UPD
_b10
_c20130110
_lUCH01
_h0247
590 _aBATCH-UPD
_b10
_c20130110
_lUCH01
_h1135
590 _aBATCH-UPD
_b10
_c20130409
_lUCH01
_h2317
590 _aBATCH-UPD
_b10
_c20130913
_lUCH01
_h2349
590 _aCONVERSION
_b10
_c20130109
_lUCH01
_h1313
650 1 4 _aAlcaloides.
_93553
650 1 4 _aAntibioticos.
_96046
650 1 4 _aBotánica médica.
_914680
650 1 4 _aDrogas.
_934244
700 0 _aTyler, Varro E.
_9115741
901 _aBK
942 _cLIBRO
949 _a615.321 C5
_bBC
_cLIBRO
_d33724000012332
_eLIBRO
_h29384
_i26536
_si
949 _a615.321 C5
_bBC
_cLIBRO
_d33724002117116
_eLIBRO
_fc.2
_gI.c/e
_h111574
_i26536
_si
999 _c21469
_d21469